000 00735cam a22002172 4500
001 0000003070
005 20151217151914.0
008 070426s xx 000 0 eng d
020 _a0070472378 :
_cUSD 60.00
040 _aKABU
_cKABU
050 0 _aHG6024
_b.A3N45 1999
100 1 _aNelken, Israel.
_@0000152689
245 1 0 _aImplementing credit derivatives /
_cby Israel ''Izzy'' Nelken; with a contribution by Claude Brown of Clifford Chance.
260 _aNew York :
_bMcGraw-Hill,
_c1999.
300 _axviii, 315 p. :
_bill. ;
_c24 cm.
650 0 _aCredit derivatives.
_@0000152690
650 0 _aRisk management.
_@0000150875
908 _a070426
950 _@1
999 _c6210
_d6210